| 000 | 00712nac a22002051u 4500 | ||
|---|---|---|---|
| 020 | _a0716700417 | ||
| 082 |
_a632.9 _bROB |
||
| 090 |
_c9103 _d9103 |
||
| 100 | _aRoberts, Daniel Altman | ||
| 245 |
_aFundamentals of plant-pest control / _c Daniel Altman Roberts, with chapters contributed by ... [others]. |
||
| 260 |
_aSan Francisco : _bW. H. Freeman, 1978. _c1978 |
||
| 300 |
_axiii,242p. : _bill., maps ; _c 25cm. |
||
| 500 | _aIncludes bibliographies and index. | ||
| 500 | _adistributer: Al-Ahram | ||
| 511 | _acatalogued by: wessam | ||
| 650 |
_aPests _x Control. |
||
| 650 |
_aAgricultural pests _x Control. |
||
| 650 | _aPlant diseases. | ||
| 942 |
_cBB _k632.9ROB |
||
| 999 |
_c9103 _d9103 |
||